| 000 | 00430nam a2200181Ia 4500 | ||
|---|---|---|---|
| 008 | 180207s9999 xx 000 0 und d | ||
| 020 | _a9780736209632 | ||
| 050 | _bC456 2003 | ||
| 100 | _aChanek, Sherilin | ||
| 245 | _aPower out! / | ||
| 245 | _cby Sherilin Chanek. | ||
| 260 | _aCarmel, CA : | ||
| 260 | _bHampton-Brown, | ||
| 260 | _c2003 | ||
| 300 | _aunpaged : | ||
| 300 | _bcolor illustration ; | ||
| 300 | _c22cm. | ||
| 999 |
_c355668 _d355668 |
||